Top 10 Countries Exporting Arms - Statistics

General Stats
  • This quiz has been taken 348 times
    281 since last reset
  • The average score is 9 of 10
Answer Stats
Million US $ Country % Correct
47,169 United States
100%
9,132 China
99%
33,186 Russia
99%
9,132 France
97%
6,586 United Kingdom
97%
7,946 Germany
95%
3,958 Spain
88%
3,823 Italy
87%
3,233 Israel
64%
3,677 Ukraine
54%
No matching quizzes found
Score Distribution
Percent of People with Each Score
Percentile by Number Answered
Your Score History
You have not taken this quiz since the last reset